| 000 | 00394cam a22001211 4500 | ||
|---|---|---|---|
| 050 | 0 | 0 |
_aHF 5726 _b.S465 |
| 100 | 1 | _aSheff, Alexander L. | |
| 245 | 1 | 0 |
_aHow to write letters for all occasions. _cBusiness letters, by Alexander L. Sheff...Social letters, by Edna Ingalls... |
| 260 |
_aNew York, _bThe New home library _c[1942] |
||
| 300 | _ax, 278 p. | ||
| 700 | 1 | _aIngalls, Edna. | |
| 942 |
_2lcc _cGEN |
||
| 999 |
_c11265 _d11265 |
||